Statistics for Taylor Swift Lyrics--Tim Mcgraw

Click here to take the quiz!

General Stats

  • This quiz has been taken 643 times
  • The average score is 300 of 343

Answer Stats

Answer% Correct
i
98%
mcgraw
98%
tim
98%
you
98%
a
97%
the
97%
when
96%
hope
95%
my
95%
of
95%
that
95%
think
95%
to
95%
he
94%
me
94%
night
93%
on
93%
your
93%
and
92%
song
92%
we
92%
all
91%
dress
91%
favorite
91%
little
91%
black
90%
blue
90%
said
90%
long
89%
eyes
88%
happiness
88%
one
88%
danced
87%
head
87%
in
87%
way
87%
chest
86%
jean
86%
old
85%
that's
85%
jeans
84%
shined
84%
lie
83%
like
83%
stars
83%
faded
82%
georgia
82%
put
82%
shame
82%
those
82%
back
81%
it
78%
truck
78%
had
77%
just
77%
lake
77%
moon
77%
summer
77%
there
77%
at
76%
but
76%
is
76%
was
76%
boy
75%
spotlight
75%
time
75%
chevy
74%
gone
74%
stuck
74%
getting
73%
letter
73%
then
73%
find
72%
never
72%
read
72%
tendency
72%
him
71%
roads
71%
see
71%
for
70%
i'm
70%
it's
70%
up
70%
bed
69%
door
69%
first
69%
not
68%
radio
68%
right
68%
step
68%
beside
67%
box
67%
takes
67%
you'll
67%
here
66%
thing
66%
three
66%
woke
66%
beneath
65%
first
65%
saw
65%
september
65%
summers
65%
there's
65%
god
64%
hard
64%
month
64%
tears
64%
turn
64%
weren't
64%
bittersweet
63%
place
63%
since
63%
thanking
63%
left
62%
street
61%
believe
60%
from
60%
looking
60%
standing
60%
nice
56%
someday
53%

Score Distribution

Percentile by Number Answered

Percent of People with Each Score

Your Score History

You have not taken this quiz